Code on intact stability for all types of ships covered by IMO instruments : resolution A.749(18) as amended by resolution MSC. 75(69) (Record no. 3331)

000 -LEADER
fixed length control field 00423nam a2200133Ia 4500
008 - FIXED-LENGTH DATA ELEMENTS--GENERAL INFORMATION
fixed length control field 200103s 2002 ||||xx |||||||||||||| ||und||
020 ## - INTERNATIONAL STANDARD BOOK NUMBER
International Standard Book Number 9280151177
082 ## - DEWEY DECIMAL CLASSIFICATION NUMBER
Classification number 348.023
Item number IMO
100 ## - MAIN ENTRY--PERSONAL NAME
Personal name IMO
245 #0 - TITLE STATEMENT
Title Code on intact stability for all types of ships covered by IMO instruments : resolution A.749(18) as amended by resolution MSC. 75(69)
260 ## - PUBLICATION, DISTRIBUTION, ETC. (IMPRINT)
Name of publisher, distributor, etc IMO
Date of publication, distribution, etc 2002
Place of publication, distribution, etc London
300 ## - PHYSICAL DESCRIPTION
Extent vi, 116p.
942 ## - ADDED ENTRY ELEMENTS (KOHA)
Item type Books
Holdings
Withdrawn status Lost status Source of classification or shelving scheme Damaged status Not for loan Collection code Permanent location Current location Shelving location Date acquired Full call number Barcode Date last seen Koha item type Public note
          Non-fiction IMU-MPC Library IMU-MPC Library General Stacks 2020-01-08 348.023 IMO LBS12167 2025-03-17 Books Column-5
Copyright © 2021 Indian Maritime University, Mumbai Port Campus. All Rights Reserved. Managed & Maintained by Central Library, IMU-Mumbai

webs counters

Powered by Koha